RICS global real estate weekly (Record no. 119176)

MARC details
000 -LEADER
fixed length control field 01226cas a22002535a 4500
001 - CONTROL NUMBER
control field L142841
008 - FIXED-LENGTH DATA ELEMENTS--GENERAL INFORMATION
fixed length control field 080313c2008 xxkwr w ss 0 a0eng d
035 ## - SYSTEM CONTROL NUMBER
System control number (Sirsi) u142841
041 0# - LANGUAGE CODE
Language code of text/sound track or separate title eng
050 ## - LIBRARY OF CONGRESS CALL NUMBER
Classification number 333.32 $2 18
110 2# - MAIN ENTRY--CORPORATE NAME
Corporate name or jurisdiction name as entry element Royal Institution of Chartered Surveyors
9 (RLIN) 4900
245 00 - TITLE STATEMENT
Title RICS global real estate weekly
Medium [electronic resource]
260 ## - PUBLICATION, DISTRIBUTION, ETC.
Place of publication, distribution, etc. London
Name of publisher, distributor, etc. RICS
Date of publication, distribution, etc. 2008-
362 0# - DATES OF PUBLICATION AND/OR SEQUENTIAL DESIGNATION
Dates of publication and/or sequential designation 2008-
490 #0 - SERIES STATEMENT
Series statement RICS Global Real Estate Weekly
510 2# - CITATION/REFERENCES NOTE
Name of source Knowledge Alert
Location within source 2006-
520 ## - SUMMARY, ETC.
Summary, etc. Produced by economists in RICS Research, this publication provides a snap-shot of international real estate market developments as events unfold, including commercial property, residential property and construction. It analyses key economic data from a range of sources, including from official, business and professional organisations, as they are released. It aims to identify the factors driving markets and make evidence-based forecasts.
554 ## -
-- One per week
650 24 - SUBJECT ADDED ENTRY--TOPICAL TERM
Topical term or geographic name entry element RICS GLOBAL REAL ESTATE WEEKLY
651 #4 - SUBJECT ADDED ENTRY--GEOGRAPHIC NAME
Geographic name Intern
690 ## - LOCAL SUBJECT ADDED ENTRY--TOPICAL TERM (OCLC, RLIN)
Topical term or geographic name as entry element PROPERTY-COMMERCIAL PROPERTY-COMMERCIAL PROPERTY MARKET
856 40 - ELECTRONIC LOCATION AND ACCESS
Uniform Resource Identifier <a href="https://www.rics.org/">https://www.rics.org/</a>
Public note View this report free of charge at www. rics.org...
942 ## - ADDED ENTRY ELEMENTS (KOHA)
Suppress in OPAC 0
Holdings
Withdrawn status Lost status Source of classification or shelving scheme Damaged status Not for loan Home library Current library Shelving location Date acquired Total Checkouts Full call number Barcode Date last seen Price effective from Koha item type
    Dewey Decimal Classification     Virtual Virtual Online 13/03/2008   ONLINE PUBLICATION 142841-1001 06/08/2019 06/08/2019 Journal